01413cam a2200385 a 450000100090000000300040000900500170001300800410003001000170007102000180008803500230010603500200012904000490014905000240019808200280022210000190025024500320026925000120030126000360031330000250034952100200037452600190039454100060041356200560041965000300047565000330050565500220053885601060056085600910066685600810075790600450083894200150088399900170089895201120091514680995OSt20140310182718.0061226s2007 nyua 000 1 eng  a 2006103288 a9780375424618 a(OCoLC)ocm77504854 a(OCoLC)77504854 aDLCcDLCdYDXdBAKERdBTCTAdYDXCPdLF8dDLC00aPS 3566b.P713 200700aM 813.54222bP713 20071 aPlante, David.10aABCbA novelcPlante, David a1st ed. aNew YorkbPantheon Bookscc2007 a247 p.bill.c22 cm. aCollege Student c1210L to 1700L j1 efor circulation. 1 copy available in the collection 0aChildrenxDeathvFiction. 0aAlphabetsxHistoryvFiction. 0aDomestic fiction.423Contributor biographical informationuhttp://www.loc.gov/catdir/enhancements/fy0744/2006103288-b.html423Publisher descriptionuhttp://www.loc.gov/catdir/enhancements/fy0744/2006103288-d.html413Sample textuhttp://www.loc.gov/catdir/enhancements/fy0744/2006103288-s.html a7bcbccorignewd1eecipf20gy-gencatlg 2lcccBKkM c15297d15297 00102lcc40aCLbCLcGCd2012-04-20l0oPS 3566 .P713 2007pc13667r2018-05-15 00:00:00t1w2012-04-20yBK